Thomas' calculus (Record no. 543821)

000 -LEADER
fixed length control field 00463cam a22001698a 4500
020 ## - INTERNATIONAL STANDARD BOOK NUMBER
International Standard Book Number 0321498755
020 ## - INTERNATIONAL STANDARD BOOK NUMBER
International Standard Book Number 0321501039
082 ## - DEWEY DECIMAL CLASSIFICATION NUMBER
Classification number 515
Author Mark THO
-- N-01, P-145
100 ## - MAIN ENTRY--PERSONAL NAME
Personal name GIordano Weir Hass
9 (RLIN) 39320
245 00 - TITLE STATEMENT
Title Thomas' calculus
Statement of responsibility, etc. Weir Hass Giordano
250 ## - EDITION STATEMENT
Edition statement 11th ed.
260 ## - PUBLICATION, DISTRIBUTION, ETC.
Place of publication, distribution, etc. Boston, Mass. :
Name of publisher, distributor, etc. Pearson,
Date of publication, distribution, etc. 2007.
300 ## - PHYSICAL DESCRIPTION
Extent xvi, 1228 p. :
Other physical details ill.
Dimensions 29 cm.
526 ## - STUDY PROGRAM INFORMATION NOTE
Program name 0
Interest level 0
Reading level 0
Title point value 515_000000000000000_THO
650 ## - SUBJECT ADDED ENTRY--TOPICAL TERM
Topical term or geographic name entry element NUST
9 (RLIN) 6342
942 ## - ADDED ENTRY ELEMENTS (KOHA)
Source of classification or shelving scheme
Koha item type Book
Holdings
Withdrawn status Lost status Source of classification or shelving scheme Damaged status Not for loan Permanent Location Current Location Date acquired Total Checkouts Full call number Barcode Date last seen Price effective from Koha item type
          Military College of Engineering (MCE) Military College of Engineering (MCE) 04/03/2014   515 THO MCE-38182 04/03/2014 04/03/2014 Book
© 2023 Central Library, National University of Sciences and Technology. All Rights Reserved.